| 000 | 00778nam a22002657a 4500 | ||
|---|---|---|---|
| 001 | BR7705438 | ||
| 003 | BR-BrBNA | ||
| 005 | 20230928085441.0 | ||
| 007 | ta | ||
| 008 | 230509b bl.||||| |||| 00| 0 por d | ||
| 040 |
_aBR-BrBNA _bpor _cBiblioteca Nacional de Agricultura |
||
| 041 | _a(Por) | ||
| 072 |
_aE15; E70; F00 _b1112 _b/G514 |
||
| 090 | _ 1112 BR7705438 | ||
| 110 | 1 |
_aEmpresa de Assistencia Tecnica e Extensao Rural do Estado do Maranhao, Sao Luis (Brasil) _94038 |
|
| 245 | 1 | _aProjeto finalistico banana 1978 [Maranhao, Brasil] | |
| 260 | 3 |
_aSao Luis, MA (Brasil): _c1977. |
|
| 300 | _a17 p. | ||
| 650 | _aPRODUCAO VEGETAL | ||
| 650 | _aCOMERCIALIZACAO | ||
| 650 | _aBANANA | ||
| 650 | _aMARANHAO | ||
| 909 |
_a202309 _bLucia _c55 _dLucia Elande |
||
| 942 | _cBK | ||
| 999 |
_c24495 _d24495 |
||